Ta naše hospůdka česká. 1, Sprostonárodní písničky s Dudlajdou

Korporativní autor: Dudlajda (hudební skupina)
Jazyk: Čeština
Vydáno: Skalica : Československá muzika, p2007
Témata:
Fyzický popis: 1 zvuková deska : digital ; 12 cm
Zvukové nahrávky
Uloženo v:
LEADER 01944njm a2200337 a 4500
001 001089359
003 CZ BrMZK
005 20190513093945.0
007 sd fsngnnmmned
008 100308s2007 xo fmn g cze d
024 3 |a 8595016239244 
028 0 1 |a CSM 0006-2  |b Československá muzika 
040 |a BOA001  |b cze 
072 7 |a 784  |x Vokální hudba  |2 Konspekt  |9 9 
080 |a 784.4  |2 MRF 
080 |a (086.76)  |2 MRF 
245 0 0 |a Ta naše hospůdka česká.  |n 1,  |p Sprostonárodní písničky s Dudlajdou  |h [zvukový záznam] 
246 3 0 |a Sprostonárodní písničky s Dudlajdou 
260 |a Skalica :  |b Československá muzika,  |c p2007 
300 |a 1 zvuková deska :  |b digital ;  |c 12 cm 
500 |a Kompaktní deska (DDD) 
505 0 0 |t Děvčata z pohraničí.  |t Děvčata z pohraničí ;  |t Co je do studánky ;  |t Na tý louce ;  |t Chodouňská ;  |t Má roztomilá Baruško ;  |t Všude bylo ticho ;  |t Policajt jdou, jdou, jdou ;  |t Chaloupka nízká ;  |t Kalná je voda ;  |t Za vodou ;  |t Nepudeme domů až ráno --  |t Strahováček --  |t Ta slepička kropenatá --  |t Našel to dědeček --  |t Ta plzeňská porodnice --  |t Ó, Mariano ;  |t Nikdy se nevrátí pohádka mládí --  |t Tou Píseckou branou --  |t Lokaj a baronka --  |t Černá vlna ;  |t Stála u studánky --  |t Já už vím, co udělám --  |t Kominíček --  |t Holka neznámá.  |t Holka neznámá ;  |t Šup sem šup tam ;  |t Vem košilku mezi zuby ;  |t Starej bábě dáme hrábě ;  |t Zas ráno, zas ráno ;  |t Když si náš dedeček babičku bral ;  |t Něco za cibuli, něco za křen 
511 0 |a Hraje a zpívá Dudlajda 
650 0 7 |a lidové písně  |7 ph122317  |2 czenas 
650 0 7 |a lidové písně, úpravy  |7 ph320413  |2 czenas 
655 7 |a kompaktní desky  |7 fd201991  |2 czenas 
710 2 |a Dudlajda (hudební skupina)  |7 ko2005281591 
910 |a BOA001  |b CDR-1236.588,1 
990 |a AV 
991 |b 201004 
996 6 |b 2610423953  |c CDR-1236.588,1  |l MZK  |r Sklad / do 24 hodin  |n 0  |p p.v.  |w 001113986  |u 000010  |a 1  |e BOA001  |j MZK50  |s P